| 000 | 00781nam a22002057a 4500 | ||
|---|---|---|---|
| 008 | 081020t xxu||||| |||| 00| 0 eng d | ||
| 010 | _aENG-84078 | ||
| 020 | _a8176298468 | ||
| 020 | _c880.00 (hb) | ||
| 035 | _aEN-67611 | ||
| 082 | _a346.0134 | ||
| 100 | _aChawla, Monica | ||
| 245 |
_aGender justice: _bwomen and law in India / _cby Monica Chawla |
||
| 260 |
_aNew Delhi _bDeep and Deep Publications _eF-159, Rajouri Garden, New Delhi-110027 |
||
| 260 | _c2006 | ||
| 300 |
_axi,498p _c22cm |
||
| 500 | _aIncludes bibliographical references and index | ||
| 942 |
_2ddc _cEN _h346.0134 _mCHA |
||
| 999 |
_c17045 _d17045 |
||